Manual of plant names (Record no. 359175)

MARC details
000 -LEADER
fixed length control field 003220000a22001330004500
060 ## - NATIONAL LIBRARY OF MEDICINE CALL NUMBER
Classification number 100
082 ## - DEWEY DECIMAL CLASSIFICATION NUMBER
Classification number 581.012 PLO;1
100 ## - MAIN ENTRY--PERSONAL NAME
Personal name Plowden, Chicheley C
245 ## - TITLE STATEMENT
Title Manual of plant names
260 ## - PUBLICATION, DISTRIBUTION, ETC. (IMPRINT)
Place of publication, distribution, etc. London, George Allen & Unwin Ltd
300 ## - PHYSICAL DESCRIPTION
Extent 260
650 ## - SUBJECT ADDED ENTRY--TOPICAL TERM
Topical term or geographic name as entry element Plants/ generic names/ common names
942 ## - ADDED ENTRY ELEMENTS (KOHA)
Koha item type Books (General)
Holdings
Withdrawn status Lost status Damaged status Not for loan Home library Current library Date acquired Total Checkouts Full call number Barcode Date last seen Price effective from Koha item type
        College of Agriculture, Vellayani College of Agriculture, Vellayani 02/05/2014   581.012 PLO;1 KAU_COAV-7517 02/05/2014 02/05/2014 Books (General)
Kerala Agricultural University Central Library
Thrissur-(Dt.), Kerala Pin:- 680656, India
Ph : (+91)(487) 2372219
E-mail: librarian@kau.in
Website: http://library.kau.in/